[Event "12th Rector Cup"]
[Site "Kharkov UKR"]
[Date "2010.03.29"]
[Round "7"]
[White "Soloviova, L."]
[Black "Karlovich, A."]
[Result "1-0"]
[WhiteElo "2315"]
[BlackElo "2180"]
[PlyCount "65"]
[EventDate "2010.03.26"]
[EventType "tourn"]
[EventRounds "7"]
[EventCountry "UKR"]
[EventCategory "5"]
[Source "Mark Crowther"]
[SourceDate "2010.03.29"]

1. d4 d5 2. c4 Bf5 3. cxd5 Bxb1 4. Rxb1 Qxd5 5. a3 Nc6 6. Nf3 O-O-O 7. Be3 Nf6
8. g3 Ng4 9. Bg2 e5 10. Bh3 f5 11. O-O exd4 12. Bf4 h6 13. Bg2 Qe6 14. b4 Nge5
15. Bxe5 Nxe5 16. Nxd4 Qb6 17. e3 g6 18. Qb3 Bg7 19. Rfc1 Rhe8 20. a4 Rxd4 21.
exd4 Qxd4 22. Rd1 Qb6 23. a5 Qb5 24. Rbc1 Ng4 25. Qf7 Be5 26. Rc5 Qa4 27. Rdc1
Qd7 28. Bxb7+ Kd8 29. Qxd7+ Kxd7 30. Bc6+ Ke7 31. Bxe8 Bd4 32. Re1+ Kd6 33. Rc2
1-0

[Event "12th Rector Cup"]
[Site "Kharkov UKR"]
[Date "2010.03.29"]
[Round "7"]
[White "Doluhanova, E."]
[Black "Klinova, M."]
[Result "0-1"]
[WhiteElo "2297"]
[BlackElo "2303"]
[PlyCount "84"]
[EventDate "2010.03.26"]
[EventType "tourn"]
[EventRounds "7"]
[EventCountry "UKR"]
[EventCategory "5"]
[Source "Mark Crowther"]
[SourceDate "2010.03.29"]

1. Nf3 Nf6 2. g3 g6 3. Bg2 Bg7 4. O-O d5 5. d3 O-O 6. Nbd2 c5 7. e4 dxe4 8.
dxe4 Nc6 9. Qe2 e5 10. Nc4 Qc7 11. b3 b6 12. c3 Ba6 13. Nfd2 Rad8 14. Re1 Rd7
15. Bh3 Re7 16. Bb2 Ne8 17. Qf3 Nf6 18. Ne3 Rd8 19. Rad1 Ree8 20. Nd5 Nxd5 21.
exd5 Ne7 22. Nf1 Nc8 23. c4 Nd6 24. Ne3 f5 25. Qe2 Bc8 26. Ng2 e4 27. Bxg7 Qxg7
28. Nf4 Qf6 29. Bf1 g5 30. Nh3 f4 31. Bg2 Kh8 32. Qb2 f3 33. Bf1 Bf5 34. Re3
Kg7 35. b4 g4 36. Ra3 Re7 37. Re3 a5 38. bxc5 bxc5 39. Ra3 h5 40. Rb1 Bc8 41.
Qc1 Rb7 42. Rxa5 Re8 0-1